000 03342nam0a2200445 4500
001 RU\NLR\BIBL_A\016264349
005 20230407154645.0
010 _a978-5-6048876-9-1
_9300
021 _aRU
_bКН-П-22-088917
_9КН-П-22-7899
035 _a(NLR Aleph) 016264349
035 _a(RuMoRGB)011475308
090 _a12865851
_c12865851
100 _a20230120d2022 u y0rusy50 ca
101 0 _arus
102 _aRU
105 _ay z 000zy
181 0 _ai
_baxxe
182 0 _an
200 1 _aАутсорсинг бизнес-процессов: теория, методика, эффективность
_e(на примере предприятий лесопромышленного комплекса)
_eмонография
_fд. э. н., профессор Н. А. Алексеева, к. э. н., доцент В. А. Соколов, к. э. н., доцент З. А. Миронова [и др.]
_gпод общей редакцией Н. А. Алексеевой
_gМинистерство сельского хозяйства Российской Федерации, Федеральное государственное бюджетное образовательное учреждение высшего образования "Ижевская государственная сельскохозяйственная академия"
203 _aТекст
_bвизуальный
_cнепосредственный
210 _aИжевск
_cИжевская ГСХА
_d2022
215 _a90 с.
_d20
300 _aАвт. указаны на обороте тит. с.
320 _aБиблиогр.: с. 71-82 (136 назв.)
330 _aИзложены методологические положения, методики анализа и передачи в аутсорсинг бизнес-процессов, апробированные на примере предприятия лесопромышленного комплекса Удмуртской Республики, которые будут интересны ученым-исследователям, преподавателям, аспирантам, студентам, предпринимателям, представителям власти и другим заинтересованным лицам
606 1 _aЛесопромышленные комплексы
_xПредприятия
_xАутсорсинг
_92549478
_3RU\NLR\AUTH\6601721923
606 1 _aАутсорсинг
_92310588
_3RU\NLR\AUTH\661382875
686 1 _aУ34(0)1-434
686 1 _aУ30(0)61-591
686 1 _aУ29(0)-43
701 1 _4220
_aАлексеева
_bН. А.
_cд-р экон. наук
_gНаталья Анатольевна
_9142316
_3RU\NLR\AUTH\770142352
701 1 _aСоколов
_bВ. А.
_cканд. экон. наук, сельское хозяйство
_gВячеслав Анатольевич
_9242786
_3RU\NLR\AUTH\770242842
701 1 _aМиронова
_bЗ. А.
_gЗинаида Алексеевна
712 0 2 _4475
_aИжевская государственная сельскохозяйственная академия
_9541947
_3RU\NLR\AUTH\8810021975
942 _cBOOK
980 _aNB